000 00355nam a22001457a 4500
008 230926b ||||| |||| 00| 0 eng d
020 _a071672071
041 _aeng
080 _a616.8
082 _a616.8LLI
100 _a11
101 _aTRURI
245 _aTHE WORKINGS OF THE BRAIN DEVELOPMENT MEMORY AND PERCEPTION
_cLLIANS .R.R
942 _2udc
_cBK
999 _c60405
_d60405